[Event "NED-ch U13"]
[Site "Rijswijk"]
[Date "2006.05.27"]
[Round "7"]
[White "De Jonge, Tim"]
[Black "Schonwetter, Wouter"]
[Result "0-1"]
[WhiteElo "1157"]
[BlackElo "1424"]
[PlyCount "92"]
[EventDate "2006.05.25"]
[EventType "swiss"]
[EventRounds "9"]
[EventCountry "NED"]
[SourceTitle "EXT 2009"]
[Source "ChessBase"]
[SourceDate "2008.11.26"]
[SourceVersion "1"]
[SourceVersionDate "2008.11.26"]
[SourceQuality "1"]

1. e4 e5 2. Nf3 Nc6 3. d4 exd4 4. Nxd4 Bc5 5. Be3 Bb6 6. g3 Nf6 7. Nc3 d6 8. Nxc6 bxc6 9. Bxb6 axb6 10. Bg2 Bb7 11. 0-0 0-0 12. Re1 Re8 13. Qd3 Qd7 14. Rad1 Rad8 15. Qf3 Qg4 16. e5 Qxf3 17. Bxf3 dxe5 18. Rxd8 Rxd8 19. Rxe5 Kf8 20. Nb5 cxb5 21. Bxb7 Rd2 22. Rxb5 Rxc2 23. Bf3 h6 24. h4 Ke7 25. g4 Rc4 26. g5 hxg5 27. hxg5 Nh7 28. Be2 Re4 29. Bd3 Rg4+ 30. Kh2 Rxg5 31. Rxg5 Nxg5 32. a4 Ne6 33. b4 Kd6 34. a5 bxa5 35. bxa5 Kc6 36. Kg3 Kb7 37. Kf3 Nd4+ 38. Ke4 Nc6 39. a6+ Ka7 40. Kd5 Nb4+ 41. Kc5 Nxd3+ 42. Kc6 Kxa6 43. Kxc7 Nxf2 44. Kd6 g5 45. Ke5 f6+ 46. Kf5 Kb5 0-1

[Event "NED-ch U13"]
[Site "Rijswijk"]
[Date "2006.05.26"]
[Round "6"]
[White "Bakker, Jouke"]
[Black "De Jonge, Tim"]
[Result "1-0"]
[WhiteElo "963"]
[BlackElo "1157"]
[PlyCount "41"]
[EventDate "2006.05.25"]
[EventType "swiss"]
[EventRounds "9"]
[EventCountry "NED"]
[SourceTitle "EXT 2009"]
[Source "ChessBase"]
[SourceDate "2008.11.26"]
[SourceVersion "1"]
[SourceVersionDate "2008.11.26"]
[SourceQuality "1"]

1. e4 e5 2. Nf3 Nc6 3. d4 exd4 4. Nxd4 Bc5 5. Be3 Qf6 6. c3 Nge7 7. Nd2 Bxd4 8. Bxd4 Nxd4 9. cxd4 Qxd4 10. Qc2 c6 11. Bd3 b6 12. 0-0 Bb7 13. Nf3 Qf6 14. Rad1 0-0 15. Rfe1 d6 16. e5 dxe5 17. Nxe5 Qg5 18. Bxh7+ Kh8 19. Be4 Qxe5 20. Qd3 a5 21. Qh3+ 1-0

[Event "NED-ch U13"]
[Site "Rijswijk"]
[Date "2006.05.26"]
[Round "4"]
[White "Ducarmon, Renzo"]
[Black "De Jonge, Tim"]
[Result "1-0"]
[WhiteElo "1276"]
[BlackElo "1157"]
[PlyCount "63"]
[EventDate "2006.05.25"]
[EventType "swiss"]
[EventRounds "9"]
[EventCountry "NED"]
[SourceTitle "EXT 2009"]
[Source "ChessBase"]
[SourceDate "2008.11.26"]
[SourceVersion "1"]
[SourceVersionDate "2008.11.26"]
[SourceQuality "1"]

1. e4 e5 2. Nf3 Nc6 3. Bc4 Nf6 4. Nc3 g6 5. d4 d6 6. d5 Na5 7. Bd3 c6 8. b4 cxd5 9. exd5 e4 10. Bxe4 Nxe4 11. Nxe4 Nc4 12. Qd4 Ne5 13. Nxe5 Bg7 14. Bg5 f6 15. Bh4 dxe5 16. Qc5 Bf8 17. Qc4 g5 18. Bg3 Bf5 19. Qb5+ Qd7 20. Nxf6+ Kd8 21. Nxd7 Bxd7 22. Qxb7 Rc8 23. Rc1 Rc7 24. Qb8+ Bc8 25. 0-0 Rb7 26. Qxe5 Rg8 27. Rfe1 Bxb4 28. Qf6+ Be7 29. Rxe7 Rxe7 30. Bd6 Rgg7 31. Bxe7+ Rxe7 32. Re1 1-0